[Event "Quixada Sertao 7th op"]
[Site "Quixada"]
[Date "2009.07.19"]
[Round "7.2"]
[White "De Lima, Alan Elkinson Lopes"]
[Black "Pinheiro, Iung Alicio"]
[Result "0-1"]
[WhiteElo "2026"]
[BlackElo "2257"]
[PlyCount "74"]
[EventDate "2009.07.16"]
[EventType "swiss"]
[EventRounds "7"]
[EventCountry "BRA"]
[SourceTitle "EXT 2022"]
[Source "ChessBase"]
[SourceDate "2021.10.06"]
[SourceVersion "1"]
[SourceVersionDate "2021.10.06"]
[SourceQuality "1"]

1. d4 Nf6 2. c4 g6 3. Nc3 Bg7 4. e4 d6 5. Nf3 0-0 6. Be2 Bg4 7. Be3 Nfd7 8. 0-0 a6 9. h3 Bxf3 10. Bxf3 c5 11. dxc5 dxc5 12. Qb3 Qc8 13. Nd5 Nc6 14. Rac1 e6 15. Nb6 Nxb6 16. Qxb6 Bd4 17. Bh6 Qd8 18. Qxd8 Rfxd8 19. b3 Nb4 20. a3 Nd3 21. Rc2 Ne5 22. Rd1 Nxf3+ 23. gxf3 Bxf2+ 24. Kxf2 Rxd1 25. Rd2 Rd8 26. Rxd8+ Rxd8 27. Ke2 f6 28. Be3 Rc8 29. Kd3 e5 30. Kc3 Kf7 31. Kd3 Ke6 32. h4 h5 33. Bh6 Rg8 34. Be3 Kd6 35. Ke2 Kc6 36. f4 exf4 37. Bxf4 b5 0-1

[Event "Quixada Sertao 7th op"]
[Site "Quixada"]
[Date "2009.07.18"]
[Round "5.5"]
[White "De Lima, Alan Elkinson Lopes"]
[Black "Monteiro, Marcos Paulo"]
[Result "1-0"]
[WhiteElo "2026"]
[BlackElo "1995"]
[PlyCount "75"]
[EventDate "2009.07.16"]
[EventType "swiss"]
[EventRounds "7"]
[EventCountry "BRA"]
[SourceTitle "EXT 2022"]
[Source "ChessBase"]
[SourceDate "2021.10.06"]
[SourceVersion "1"]
[SourceVersionDate "2021.10.06"]
[SourceQuality "1"]

1. d4 d5 2. c4 e6 3. Nc3 Nf6 4. Bg5 Be7 5. e3 Nbd7 6. Nf3 c6 7. cxd5 exd5 8. Bd3 0-0 9. Qc2 h6 10. Bh4 c5 11. dxc5 Nxc5 12. Be2 Be6 13. 0-0 Rc8 14. Qd1 Qb6 15. Qd4 Kh8 16. b3 Ncd7 17. Qxb6 Nxb6 18. Nb5 a6 19. Nbd4 g5 20. Bg3 Ne4 21. Be5+ Bf6 22. Bd3 Nd7 23. Bxf6+ Nexf6 24. Rac1 Bg4 25. h3 Bxf3 26. Nxf3 Ne4 27. Nd4 f5 28. Rxc8 Rxc8 29. Nxf5 Nc3 30. Nxh6 Ne5 31. Bb1 Ne2+ 32. Kh2 Kg7 33. Nf5+ Kf6 34. Ng3 Ng4+ 35. hxg4 Rh8+ 36. Nh5+ Ke5 37. Re1 Nc3 38. Kg1 1-0

[Event "Quixada Sertao 7th op"]
[Site "Quixada"]
[Date "2009.07.16"]
[Round "1.11"]
[White "De Lima, Alan Elkinson Lopes"]
[Black "Laroca, Alvaro Ney"]
[Result "1-0"]
[WhiteElo "2026"]
[BlackElo "1676"]
[PlyCount "31"]
[EventDate "2009.07.16"]
[EventType "swiss"]
[EventRounds "7"]
[EventCountry "BRA"]
[SourceTitle "EXT 2022"]
[Source "ChessBase"]
[SourceDate "2021.10.06"]
[SourceVersion "1"]
[SourceVersionDate "2021.10.06"]
[SourceQuality "1"]

1. d4 e5 2. dxe5 Nc6 3. Nf3 Qe7 4. Bf4 Qb4+ 5. Bd2 Qxb2 6. Nc3 Nb4 7. Nd4 Qa3 8. Ncb5 Qa5 9. a3 c5 10. axb4 Qb6 11. bxc5 Qxc5 12. e3 Kd8 13. e6 dxe6 14. Ba5+ b6 15. Nxe6+ Ke8 16. Qd8# 1-0